| 000 | 01001nam a22003017a 4500 | ||
|---|---|---|---|
| 003 | CHAP | ||
| 005 | 20220817042309.0 | ||
| 008 | 971013c19651959 r 00010 d | ||
| 010 | _a40031 | ||
| 011 | _a41003 | ||
| 035 | _a45129 | ||
| 040 | _cCHAP | ||
| 082 |
_a640.714 _bE8 |
||
| 110 |
_aE.U.A. Federal Extension Service _934927 |
||
| 245 | _aBuen gobierno del hogar en todo el mundo | ||
| 260 |
_aMéxico, D. F. : _bCentro Regional de Ayuda Técnica, _c1965 (c.1959) |
||
| 300 |
_a172 p. _b: ilus. |
||
| 590 |
_aBATCH-UPD _b10 _c20130110 _lUCH01 _h1826 |
||
| 590 |
_aBATCH-UPD _b10 _c20130410 _lUCH01 _h1159 |
||
| 590 |
_aBATCH-UPD _b10 _c20130914 _lUCH01 _h1233 |
||
| 590 |
_aCONVERSION _b10 _c20130109 _lUCH01 _h1322 |
||
| 650 | 1 | 4 | _aEconomía doméstica. |
| 650 | 1 | 4 |
_aExtensión agrícola. _939144 |
| 901 | _aBK | ||
| 942 | _cLIBRO | ||
| 949 |
_a640.714 E8 _bBC _cLIBRO _d33724000271847 _eLIBRO _fc.3 _h39496 _i45129 _si |
||
| 949 |
_a640.714 E8 _bBC _cLIBRO _d33724000271862 _eLIBRO _fc.4 _h39497 _i45129 _si |
||
| 999 |
_c40031 _d40031 |
||